banner-ar

جماعة كبار العلماء بالازهر الشريف 1911 - 1961 : (Record no. 60061)

MARC details
000 -الفاتح
حقل البيانات ثابتة الطول 00785nam a22002177a 4500
005 - وقت وتاريخ اخر تعامل مع التسجيلة
رقم الضبط 20240530110350.0
008 - عناصر البيانات ثابتة الطول - معلومات عامة
حقل البيانات ثابتة الطول 141222s2008 mk f 000 0 ara d
017 ## - رقم الايداع القانونى
رقم الايداع القانونى 2007/26340
المصدر ( الهيئة المختصة) عمان . دار الكتب العمانية
020 ## - الرقم الدولى المعيارى للكتب
الرقم الدولى المعيارى للكتاب 9789776273054
040 ## - مصدر الفهرسة
وكالة الفهرسة الأصلية EG-CaGPL
041 0# - رمز اللغة
رمز لغة النص/ المسارات الصوتية أو العنوان الانفرادي ara
082 04 - رقم تصنيف ديوى العشرى
رقم الطبعة 21
رقم التصنيف 215.96216
رقم المادة ق/ح ج
100 0# - المدخل الرئيسى - إسم شخصى
الإسم الشخصى حمادة حسنى
245 10 - بيان العنوان
العنوان جماعة كبار العلماء بالازهر الشريف 1911 - 1961 :
بقية العنوان دراسة تاريخية /
بيان المسئوليه,etc حمادة حسنى
260 ## - PUBLICATION, DISTRIBUTION, ETC. (IMPRINT)
تاريخ النشر أو التوزيع 2008
300 ## - الوصف المادى
التعداد 183 ص ؛
أبعاد الوعاء 24 سم
650 04 - المدخل الاضافى بالموضوع-مصطلح موضوعى
مصطلح موضوعي الازهر ( جامع )
التقسيم الفرعي العام تاريخ
650 04 - المدخل الاضافى بالموضوع-مصطلح موضوعى
مصطلح موضوعي الازهر ( جامع )
التقسيم الفرعي العام علماء
942 ## - عناصر المدخل الإضافي( كوها)
مصدر التصنيف او مخطط الترفيف Dewey Decimal Classification
Koha [default] item type كتاب
260 ## - PUBLICATION, DISTRIBUTION, ETC. (IMPRINT)
-- مسقط :
-- مكتبة بيروت ،
Holdings
حالة التراجع حالة الفقد حالة تلف ليس للاعارة المكان المؤقت الموقع الحالى تاريخ الاكتساب اجمالي اﻻعارات رقم الطلب الباركود تاريخ اخر مشاهدة تاريخ تفعيل السعر نوع وعاء كوها
        مكتبة القاهرة الكبرى مكتبة القاهرة الكبرى 12/22/2014   215.96216 ق/ح ج 159049 12/22/2014 12/22/2014 كتاب

Powered By

EGPV